| 000 | 00859nam a2200205Ia 4500 | ||
|---|---|---|---|
| 999 |
_c37933 _d37933 |
||
| 001 | 3914 | ||
| 003 | GE_BSU | ||
| 005 | 20190906155942.0 | ||
| 008 | 181216s1982||||ge |||||||||||||| ||geo|| | ||
| 040 | _cGE_BSU | ||
| 041 | _ageo | ||
| 080 | _a171 ბ–23 | ||
| 100 |
_aბანძელაძე, გელა _93911 |
||
| 245 |
_aზნეობრივი პროგრესის თეორია და პრაქტიკა : _b70-იანი წლების საქ. სოციალურ-პოლიტ. და კულტ. ვითარების შუქზე / _cფილოსოფ. ინ-ტი. |
||
| 264 |
_aთბ. : _bმეცნიერება, _c1982. |
||
| 300 |
_a309 გვ. ; _b22 სმ. |
||
| 653 | _a ზნეობა | ||
| 710 |
_aფილოსოფ. ინ-ტი _93912 |
||
| 942 |
_cBK _2udc |
||